Southville International School and Colleges
Your cart is empty.
  • Cart
  • Lists
    Public lists Eva Luna New books Lux_list list_1
    Your lists Log in to create your own lists
  • Log in to your account
  • Your cookies
  • Search history
Southville International School and Colleges
  • Advanced search
  • Recent comments
  • Most popular
  • Libraries

Log in to your account

Log in with GOOGLE


If you do not have an external account, but do have a local account, you can still log in:

  1. Home
  2. MARC view: Coconut kitchen :
Normal view MARC view ISBD view

Coconut kitchen : (Record no. 358107)

[ view plain ]
MARC details
000 -LEADER
fixed length control field 00674nam a2200241Ia 4500
008 - FIXED-LENGTH DATA ELEMENTS--GENERAL INFORMATION
fixed length control field 180628s9999 xx 000 0 und d
020 ## - INTERNATIONAL STANDARD BOOK NUMBER
International Standard Book Number 978-621-420-070-2
050 ## - LIBRARY OF CONGRESS CALL NUMBER
Classification number CUL TX 814.2
050 ## - LIBRARY OF CONGRESS CALL NUMBER
Item number .C63N49 2017
100 ## - MAIN ENTRY--PERSONAL NAME
Personal name Newport, Marian Regina Tolentino.
245 #0 - TITLE STATEMENT
Title Coconut kitchen :
245 #0 - TITLE STATEMENT
Remainder of title appetizers and main dishes /
245 #0 - TITLE STATEMENT
Statement of responsibility, etc Maria Regina Tolentino Newport.
260 ## - PUBLICATION, DISTRIBUTION, ETC. (IMPRINT)
Place of publication, distribution, etc Pasig :
260 ## - PUBLICATION, DISTRIBUTION, ETC. (IMPRINT)
Name of publisher, distributor, etc Anvil Publishing,
260 ## - PUBLICATION, DISTRIBUTION, ETC. (IMPRINT)
Date of publication, distribution, etc 2017
300 ## - PHYSICAL DESCRIPTION
Extent 141 pages, 8 pages of plates :
300 ## - PHYSICAL DESCRIPTION
Dimensions 23 cm.
500 ## - GENERAL NOTE
General note Includes index.
650 ## - SUBJECT ADDED ENTRY--TOPICAL TERM
Topical term or geographic name as entry element Cookbooks -- Philippines.
650 ## - SUBJECT ADDED ENTRY--TOPICAL TERM
Topical term or geographic name as entry element Cooking (Coconut).
650 ## - SUBJECT ADDED ENTRY--TOPICAL TERM
General subdivision Cooking, Filipino.
Holdings
Withdrawn status Lost status Damaged status Home library Current library Shelving location Date acquired Cost, normal purchase price Total Checkouts Full call number Barcode Date last seen Price effective from Koha item type
      South Mansfield College South Mansfield College   06/21/2018 316.00   CUL TX 814.2 .C63N49 2017 SMC06158 06/28/2018 06/28/2018 Books

Coconut kitchen :

APA

Newport M. R. T., .Coconut kitchen. Pasig: .

Chicago

Newport Marian Regina Tolentino, .Coconut kitchen. Pasig: .

Harvard

Newport M. R. T., .Coconut kitchen. Pasig: .

MLA

Newport Marian Regina Tolentino, .Pasig: . .

  • Place hold
  • Print
  • Cite
  • Add to your cart (remove)
  • Save record
    BIBTEX Dublin Core MARCXML MARC (non-Unicode/MARC-8) MARC (Unicode/UTF-8) MARC (Unicode/UTF-8, Standard) MODS (XML) RIS
  • More searches
    Search for this title in:
    Other Libraries (WorldCat) Other Databases (Google Scholar) Online Stores (Bookfinder.com) Open Library (openlibrary.org)

Exporting to Dublin Core...

SOUTHVILLE LIBRARY

Southville International School and Colleges Library

1281 Tropical Ave. Cor. Luxembourg St., BF Homes International, Las Pinas City

Tel. No. 8256374 / 252358 Loc. 117/146

Powered by Koha